| 000 | 00725nam a22001937a 4500 | ||
|---|---|---|---|
| 005 | 20180310115017.0 | ||
| 010 | _aB-663986 | ||
| 020 |
_a9788126042609 _c50.00 |
||
| 035 | _aB-663986 | ||
| 037 |
_adpl _bPBD |
||
| 082 | _a891.42171 | ||
| 100 | _aSharma, O.P. | ||
| 245 |
_aMakers of Indian literature Kehri Singh Madhukar / _cby O.P. Sharma |
||
| 260 |
_aNew Delhi _bSahitya Akademi _c2014 |
||
| 270 |
_aSwati, Mandir Marg, _bNew Delhi _e110001 |
||
| 300 |
_axii,84p. _c23cm(pbk) |
||
| 942 |
_2ddc _cEN _mSHA _h891.42171 |
||
| 999 |
_c150318 _d150318 |
||